[Event "Reykjavik op"]
[Site "Reykjavik"]
[Date "2024.03.20"]
[Round "8"]
[White "Sanitt, Ethan"]
[Black "Sivanandan, Bodhana"]
[Result "1/2-1/2"]
[WhiteElo "1914"]
[BlackElo "2088"]
[PlyCount "159"]
[EventDate "2024.03.15"]
[EventType "swiss"]
[EventRounds "9"]
[EventCountry "ISL"]
[SourceTitle "CB13_2024"]
[SourceDate "2024.03.27"]
[SourceVersion "1"]
[SourceVersionDate "2024.03.27"]
[SourceQuality "1"]

1. c4 c6 2. g3 d5 3. Nf3 Nf6 4. Bg2 Bf5 5. cxd5 cxd5 6. Qb3 Qb6 7. Nc3 Qxb3 8. axb3 Nc6 9. 0-0 a6 10. d3 e6 11. Be3 Be7 12. Nd4 Nxd4 13. Bxd4 Bg6 14. e4 dxe4 15. dxe4 Rd8 16. Bxf6 Bxf6 17. e5 Bxe5 18. Bxb7 0-0 19. Bxa6 Rd2 20. Rfe1 Bd4 21. Re2 Rxb2 22. Rxb2 Bxc3 23. Rba2 Bxa1 24. Rxa1 Ra8 25. Rc1 Kf8 26. Bc4 Ra2 27. b4 Rb2 28. b5 Ke7 29. Re1 Rb1 30. Kf1 Kd6 31. Rxb1 Bxb1 32. Ke2 Kc5 33. Ke3 Bc2 34. Be2 Ba4 35. Bd3 h6 36. b6 Kxb6 37. Kd4 Kc6 38. Ke5 Kc5 39. Be2 Bb3 40. Bh5 f6+ 41. Ke4 g6 42. Be2 Kb4 43. Ke3 Kc3 44. Bb5 Bc2 45. Bc6 Kc4 46. Bb7 Kc5 47. Ba8 Kd6 48. Bg2 Bb3 49. Bf1 Bd5 50. Be2 Kc5 51. Bf1 e5 52. Bd3 f5 53. Bc2 Kc4 54. h4 Kc3 55. Ba4 Bf7 56. Bd7 Kc4 57. f4 Kd5 58. Ba4 Kd6 59. fxe5+ Kxe5 60. Bc2 Bd5 61. Ba4 g5 62. hxg5 hxg5 63. Bd7 Be4 64. Bb5 Bb1 65. Bf1 Kf6 66. Bb5 Ba2 67. Bf1 Bb3 68. Bb5 Kg6 69. Bf1 Bd1 70. Bd3 Bg4 71. Bb5 Bh3 72. Be8+ Kg7 73. Bb5 Kf6 74. Be8 Bg2 75. Bb5 g4 76. Kf4 Be4 77. Bd7 Bd3 78. Bc8 Be4 79. Bd7 Bd3 80. Bc8 1/2-1/2

[Event "London Mill Hill op U2400"]
[Site "London"]
[Date "2022.03.26"]
[Round "2"]
[White "Pranava, Ravikumar"]
[Black "Sanitt, Ethan"]
[Result "0-1"]
[WhiteElo "1601"]
[BlackElo "1860"]
[PlyCount "75"]
[EventDate "2022.03.26"]
[EventType "swiss"]
[EventRounds "5"]
[EventCountry "ENG"]
[SourceTitle "EXT 2024"]
[Source "ChessBase"]
[SourceDate "2023.10.10"]
[SourceVersion "1"]
[SourceVersionDate "2023.10.10"]
[SourceQuality "1"]

1. d4 Nf6 2. Bg5 c5 3. d5 b5 4. f3 Qa5+ 5. c3 g6 6. e4 d6 7. Nd2 Bg7 8. Kf2 e6 9. a4 bxa4 10. Nc4 Qc7 11. dxe6 0-0 12. Bxf6 Bxf6 13. exf7+ Rxf7 14. Qxd6 Qb7 15. Qd5 Qxd5 16. exd5 Bd7 17. Nd6 Re7 18. Ne4 Be5 19. Bc4 Kg7 20. Nxc5 Bf5 21. Rxa4 Nd7 22. Nxd7 Bxd7 23. Ra2 Bd6 24. g3 Rc8 25. Bd3 Bc5+ 26. Kg2 Re5 27. c4 Re3 28. Be4 Bd4 29. g4 Bxg4 30. Nh3 Rxc4 31. Rd1 Rxe4 32. fxe4 Bxd1 33. b4 Rxb4 34. Ra6 Rb2+ 35. Kg3 Rb3+ 36. Kg2 Bf3+ 37. Kg3 Be2+ 38. Kg2 0-1

[Event "GBR-ch Major 106th"]
[Site "Torquay"]
[Date "2019.08.03"]
[Round "8"]
[White "Ruane, Brendan J"]
[Black "Sanitt, Ethan"]
[Result "0-1"]
[WhiteElo "1904"]
[BlackElo "1752"]
[PlyCount "68"]
[EventDate "2019.07.27"]
[EventType "swiss"]
[EventRounds "9"]
[EventCountry "ENG"]
[SourceTitle "EXT 2020"]
[Source "ChessBase"]
[SourceDate "2019.10.17"]
[SourceVersion "1"]
[SourceVersionDate "2019.10.17"]
[SourceQuality "1"]

1. e4 e6 2. Qe2 Nc6 3. Nf3 d5 4. d3 Nf6 5. e5 Nd7 6. g3 Bc5 7. c3 a5 8. d4 Ba7 9. a4 Ne7 10. h4 c5 11. Na3 0-0 12. Bh3 Nf5 13. Bxf5 exf5 14. 0-0 h6 15. Bf4 b6 16. Rfe1 Re8 17. Nb5 Bb8 18. Qd2 c4 19. Nd6 Bxd6 20. exd6 Nf6 21. Ne5 Ne4 22. Qd1 Nxd6 23. Qh5 Qf6 24. Kg2 Be6 25. Re2 Nc8 26. Rae1 Na7 27. Nf3 Nc6 28. Bc7 Ra6 29. Ne5 Nxe5 30. Rxe5 Qe7 31. Rxe6 fxe6 32. Be5 Ra7 33. Qe2 Rb7 34. b4 axb4 0-1

[Event "GBR-ch Major 106th"]
[Site "Torquay"]
[Date "2019.08.01"]
[Round "6"]
[White "Nayak, Raghav"]
[Black "Sanitt, Ethan"]
[Result "1-0"]
[WhiteElo "1906"]
[BlackElo "1752"]
[PlyCount "75"]
[EventDate "2019.07.27"]
[EventType "swiss"]
[EventRounds "9"]
[EventCountry "ENG"]
[SourceTitle "EXT 2020"]
[Source "ChessBase"]
[SourceDate "2019.10.17"]
[SourceVersion "1"]
[SourceVersionDate "2019.10.17"]
[SourceQuality "1"]

1. a3 Nf6 2. Nf3 d5 3. g3 c5 4. Bg2 Nc6 5. 0-0 e5 6. d3 Be7 7. e4 dxe4 8. dxe4 Qxd1 9. Rxd1 Bg4 10. Re1 Rd8 11. Nbd2 0-0 12. c3 Rd3 13. h3 Bxf3 14. Nxf3 c4 15. Be3 Rd7 16. Bf1 Nxe4 17. Bxc4 Kh8 18. Bb5 f6 19. Bxa7 Nd2 20. Kg2 Nxf3 21. Kxf3 Rd2 22. Bxc6 bxc6 23. Rab1 h5 24. Be3 Rd7 25. Red1 Rb7 26. b4 f5 27. a4 f4 28. gxf4 g5 29. a5 gxf4 30. Bb6 Bf6 31. Ke4 Bg7 32. f3 Kh7 33. Rd6 Rc8 34. Rbd1 Rf7 35. Rd8 Rxd8 36. Rxd8 Bf6 37. Rd6 Kg6 38. Bd8 1-0

[Event "BCF-chT2a 1819 (4NCL)"]
[Site "England"]
[Date "2018.11.11"]
[Round "2.38"]
[White "Anilkumar, Anantha P"]
[Black "Sanitt, Ethan"]
[Result "1-0"]
[WhiteElo "1834"]
[BlackElo "1870"]
[PlyCount "73"]
[EventDate "2018.11.10"]
[EventType "team-tourn"]
[EventRounds "11"]
[EventCountry "ENG"]
[SourceTitle "EXT 2021"]
[Source "ChessBase"]
[SourceDate "2020.10.23"]
[SourceVersion "1"]
[SourceVersionDate "2020.10.23"]
[SourceQuality "1"]
[WhiteTeam "KJCA Kings"]
[BlackTeam "Barnet Knights"]
[WhiteTeamCountry "ENG"]
[BlackTeamCountry "ENG"]

1. d4 Nf6 2. c4 g6 3. Nc3 Bg7 4. e4 d6 5. Nge2 0-0 6. Ng3 e5 7. d5 h5 8. h4 a5 9. Be2 Na6 10. Bg5 Qe8 11. Qd2 Nh7 12. Bh6 Qe7 13. Bxg7 Kxg7 14. 0-0-0 Nc5 15. Rdg1 a4 16. Nf1 f5 17. exf5 Bxf5 18. Ne3 Qf6 19. g4 hxg4 20. Nxg4 Bxg4 21. Rxg4 Kf7 22. Qh6 Qg7 23. Qe3 Nf6 24. Rg5 Nh7 25. Rg3 Ke7 26. Rhg1 Qf6 27. Rxg6 Qf4 28. Rg7+ Rf7 29. Qxf4 exf4 30. Bh5 Raf8 31. Bxf7 Rxf7 32. Rxf7+ Kxf7 33. Kc2 Kf6 34. Nb5 Na6 35. Kd3 Nf8 36. Ke4 Nc5+ 37. Kd4 1-0

[Event "BCF-ch U16"]
[Site "Hull"]
[Date "2018.08.04"]
[Round "7"]
[White "Rushbrooke, Remy"]
[Black "Sanitt, Ethan"]
[Result "1/2-1/2"]
[WhiteElo "1889"]
[BlackElo "1708"]
[PlyCount "64"]
[EventDate "2018.07.29"]
[EventType "swiss"]
[EventRounds "7"]
[EventCountry "ENG"]
[SourceTitle "CBM 186 Extra"]
[Source "ChessBase"]
[SourceDate "2018.08.24"]
[SourceVersion "1"]
[SourceVersionDate "2018.08.24"]
[SourceQuality "1"]

1. Nf3 Nf6 2. g3 g6 3. d4 Bg7 4. Bg2 d6 5. c4 Nc6 6. Nc3 a6 7. 0-0 0-0 8. Qc2 Bf5 9. e4 Bg4 10. Be3 Nd7 11. d5 Bxf3 12. Bxf3 Nd4 13. Bxd4 Bf6 14. Be5 Bxe5 15. Rad1 Bg7 16. Bg4 c6 17. dxc6 bxc6 18. Bxd7 Qxd7 19. c5 Qe6 20. cxd6 exd6 21. Na4 Rac8 22. b3 Rfd8 23. Rfe1 h5 24. Qe2 Ra8 25. Rc1 c5 26. Nb6 Ra7 27. Qc4 h4 28. Nd5 hxg3 29. hxg3 Bd4 30. Rcd1 Qe5 31. Kg2 Re8 32. f4 Qg7 1/2-1/2

[Event "BCF-chT4S 1617 (4NCL)"]
[Site "England"]
[Date "2017.01.14"]
[Round "3.75"]
[White "Ireland, David J"]
[Black "Sanitt, Ethan"]
[Result "1/2-1/2"]
[WhiteElo "2027"]
[BlackElo "1832"]
[PlyCount "32"]
[EventDate "2016.11.26"]
[EventType "team-swiss"]
[EventRounds "11"]
[EventCountry "ENG"]
[SourceTitle "EXT 2019"]
[Source "ChessBase"]
[SourceDate "2018.10.10"]
[SourceVersion "1"]
[SourceVersionDate "2018.10.10"]
[SourceQuality "1"]
[WhiteTeam "Throw in the Tal"]
[BlackTeam "Barnet Knights"]
[WhiteTeamCountry "ENG"]
[BlackTeamCountry "ENG"]

1. e4 e6 2. d4 d5 3. Nd2 Nf6 4. e5 Nfd7 5. Qg4 c5 6. c3 Nc6 7. Ngf3 cxd4 8. cxd4 Qb6 9. Be2 g6 10. 0-0 h5 11. Qg3 Nxd4 12. Bd3 Bg7 13. Re1 Nc6 14. Bxg6 fxg6 15. Qxg6+ Kf8 16. Qxe6 Ne7 1/2-1/2

[Event "BCF-ch U13"]
[Site "Coventry"]
[Date "2015.07.31"]
[Round "6"]
[White "Misyura, Ilya"]
[Black "Sanitt, Ethan"]
[Result "1-0"]
[WhiteElo "1697"]
[BlackElo "1545"]
[PlyCount "77"]
[EventDate "2015.07.27"]
[EventType "swiss"]
[EventRounds "7"]
[EventCountry "ENG"]
[SourceTitle "CBM 167 Extra"]
[Source "ChessBase"]
[SourceDate "2015.09.14"]
[SourceVersion "1"]
[SourceVersionDate "2015.09.14"]
[SourceQuality "1"]

1. d4 d5 2. c4 c6 3. Nc3 Nf6 4. e3 e6 5. Nf3 Nbd7 6. Qc2 Bb4 7. a3 Bxc3+ 8. bxc3 0-0 9. Bd3 h6 10. 0-0 Qc7 11. a4 e5 12. cxd5 cxd5 13. Nd2 e4 14. Be2 Rd8 15. h3 Nf8 16. Ba3 Ng6 17. Rfc1 Be6 18. Rab1 Nh4 19. Qb2 Rab8 20. c4 Qd7 21. Qb5 g5 22. Qxd7 Rxd7 23. cxd5 Rxd5 24. Be7 Nh7 25. Nxe4 Bf5 26. f3 Ra5 27. Bb5 a6 28. Bb4 axb5 29. Bxa5 bxa4 30. Rc4 Kg7 31. Rxa4 Nf6 32. Bc7 Rc8 33. Rc1 Bxe4 34. fxe4 Kh7 35. d5 b5 36. Ra6 Nxe4 37. d6 Nf6 38. Rf1 Kg7 39. Rxf6 1-0

[Event "BCF-chT3 1314 (4NCL)"]
[Site "England"]
[Date "2014.05.05"]
[Round "11.83"]
[White "Norris, Michael J"]
[Black "Sanitt, Ethan"]
[Result "1/2-1/2"]
[WhiteElo "1910"]
[BlackElo "1532"]
[PlyCount "47"]
[EventDate "2013.11.16"]
[EventType "team-swiss"]
[EventRounds "11"]
[EventCountry "ENG"]
[SourceTitle "EXT 2015"]
[Source "ChessBase"]
[SourceDate "2014.11.20"]
[SourceVersion "1"]
[SourceVersionDate "2014.11.20"]
[SourceQuality "1"]
[WhiteTeam "Manchester Manticores II"]
[BlackTeam "Barnet Knights II"]
[WhiteTeamCountry "ENG"]
[BlackTeamCountry "ENG"]

1. d4 d5 2. Nf3 Nf6 3. Bf4 c5 4. c3 Qb6 5. Qb3 c4 6. Qxb6 axb6 7. Nbd2 Bf5 8. Nh4 Bc2 9. Bxb8 Rxb8 10. Rc1 Bg6 11. Nxg6 hxg6 12. e4 e6 13. exd5 exd5 14. Be2 Bd6 15. Nf1 Bf4 16. Rd1 Kd7 17. g3 Bd6 18. Ne3 Rbe8 19. Bf3 Kc6 20. 0-0 Ne4 21. Rfe1 f5 22. Bg2 Re7 23. Re2 Ra8 24. a3 1/2-1/2

[Event "BCF-chT3S 1314 (4NCL)"]
[Site "England"]
[Date "2014.01.12"]
[Round "4.246"]
[White "Sanitt, Ethan"]
[Black "Homer, Neil S"]
[Result "1/2-1/2"]
[WhiteElo "1530"]
[BlackElo "1635"]
[PlyCount "45"]
[EventDate "2013.11.16"]
[EventType "team-swiss"]
[EventRounds "6"]
[EventCountry "ENG"]
[SourceTitle "EXT 2015"]
[Source "ChessBase"]
[SourceDate "2014.11.20"]
[SourceVersion "1"]
[SourceVersionDate "2014.11.20"]
[SourceQuality "1"]
[WhiteTeam "Barnet Knights II"]
[BlackTeam "e2e4.org.uk VI"]
[WhiteTeamCountry "ENG"]
[BlackTeamCountry "ENG"]

1. c4 e6 2. g3 d5 3. Bg2 c5 4. d4 Nf6 5. cxd5 exd5 6. Bg5 Be6 7. Nc3 c4 8. Bxf6 gxf6 9. a3 Nc6 10. Qa4 a6 11. Nf3 Bg7 12. e4 b5 13. Qc2 Ne7 14. Nh4 dxe4 15. Qxe4 0-0 16. d5 f5 17. Qf3 Bxc3+ 18. Qxc3 Nxd5 19. Qd2 Qe7 20. 0-0-0 Rad8 21. Nxf5 Bxf5 22. Bxd5 Be6 23. Qe3 1/2-1/2

[Event "Sunningdale e2e4 op U1800 05"]
[Site "Sunningdale"]
[Date "2013.05.26"]
[Round "5"]
[White "Sanitt, Ethan"]
[Black "Crouch, Timothy J"]
[Result "1/2-1/2"]
[WhiteElo "1495"]
[BlackElo "1623"]
[PlyCount "41"]
[EventDate "2013.05.25"]
[EventType "swiss"]
[EventRounds "7"]
[EventCountry "ENG"]
[SourceTitle "EXT 2014"]
[Source "ChessBase"]
[SourceDate "2013.11.20"]
[SourceVersion "1"]
[SourceVersionDate "2013.11.20"]
[SourceQuality "1"]

1. e4 c5 2. Nf3 d6 3. d4 cxd4 4. Nxd4 Nf6 5. Nc3 a6 6. Bc4 Bd7 7. 0-0 Nc6 8. h3 g6 9. Be3 b5 10. Bd3 Bg7 11. a3 0-0 12. Qd2 Rc8 13. Nf3 Nh5 14. Bh6 Bxc3 15. bxc3 Re8 16. c4 Na5 17. cxb5 Bxb5 18. Bxb5 axb5 19. Nd4 Nc4 20. Qd3 Rc5 21. Nxb5 1/2-1/2

[Event "Hampstead op U2200 04"]
[Site "Hampstead"]
[Date "2013.04.21"]
[Round "4"]
[White "Georgiev, Ivan1111"]
[Black "Sanitt, Ethan"]
[Result "1-0"]
[WhiteElo "1784"]
[BlackElo "1594"]
[PlyCount "87"]
[EventDate "2013.04.20"]
[EventType "swiss"]
[EventRounds "5"]
[EventCountry "ENG"]
[SourceTitle "EXT 2014"]
[Source "ChessBase"]
[SourceDate "2013.11.20"]
[SourceVersion "1"]
[SourceVersionDate "2013.11.20"]
[SourceQuality "1"]

1. e4 e5 2. Nf3 Nc6 3. Bb5 a6 4. Ba4 b5 5. Bb3 Bc5 6. 0-0 Nf6 7. d3 0-0 8. Re1 Bb7 9. Nbd2 Qe7 10. c3 Rad8 11. Nf1 d6 12. Ng3 Qd7 13. d4 exd4 14. cxd4 Bb4 15. Re2 Rfe8 16. Bg5 Ne7 17. Bxf6 gxf6 18. Nh5 Kh8 19. Nxf6 Qc8 20. Qc1 Rg8 21. Qh6 Rg7 22. Ng5 Ng8 23. Nxg8 Qg4 24. f3 Qxg5 25. Qxg5 Rxg5 26. Nh6 Rg7 27. Nxf7+ Rxf7 28. Bxf7 c5 29. a3 Ba5 30. Rd1 Bb6 31. dxc5 Bxc5+ 32. Kf1 a5 33. Rc2 Bb6 34. Bd5 Ba6 35. b4 axb4 36. axb4 Ba7 37. Ra2 Rc8 38. Rxa6 Rc7 39. Rc6 Re7 40. Ke1 h5 41. Rdc1 h4 42. Rc8+ Kh7 43. R1c7 Rxc7 44. Rxc7+ 1-0

[Event "London e2e4 Diamond Jubilee op-B"]
[Site "London"]
[Date "2012.06.03"]
[Round "3"]
[White "Crouch, Timothy J"]
[Black "Sanitt, Ethan"]
[Result "1/2-1/2"]
[WhiteElo "1657"]
[BlackElo "1382"]
[PlyCount "39"]
[EventDate "2012.06.02"]
[EventType "swiss"]
[EventRounds "7"]
[EventCountry "ENG"]
[SourceTitle "EXT 2014"]
[Source "ChessBase"]
[SourceDate "2013.11.20"]
[SourceVersion "1"]
[SourceVersionDate "2013.11.20"]
[SourceQuality "1"]

1. e4 e5 2. Nf3 Nc6 3. Bc4 Bc5 4. d3 Nf6 5. Nc3 d6 6. h3 Nd4 7. Bd2 Be6 8. Bxe6 Nxe6 9. Ng5 Nxg5 10. Bxg5 h6 11. Bxf6 Qxf6 12. 0-0 c6 13. Na4 Bd4 14. c3 Bc5 15. Qd2 0-0 16. Nxc5 dxc5 17. f4 Rad8 18. fxe5 Qxe5 19. Rad1 f5 20. Qf4 1/2-1/2

[Event "London e2e4 Diamond Jubilee op-B"]
[Site "London"]
[Date "2012.06.02"]
[Round "1"]
[White "Costeloe, C Andrew J"]
[Black "Sanitt, Ethan"]
[Result "1-0"]
[WhiteElo "1686"]
[BlackElo "1382"]
[PlyCount "65"]
[EventDate "2012.06.02"]
[EventType "swiss"]
[EventRounds "7"]
[EventCountry "ENG"]
[SourceTitle "EXT 2014"]
[Source "ChessBase"]
[SourceDate "2013.11.20"]
[SourceVersion "1"]
[SourceVersionDate "2013.11.20"]
[SourceQuality "1"]

1. d4 d5 2. Nf3 Nf6 3. e3 Bg4 4. c4 c6 5. Nc3 e6 6. Qb3 Qb6 7. Ne5 Bf5 8. Be2 Bd6 9. f4 Ne4 10. Nxe4 Bxe4 11. Bd2 0-0 12. Qc3 Bxe5 13. fxe5 Bxg2 14. Rg1 Be4 15. Rg3 f6 16. Bg4 f5 17. Be2 Qd8 18. 0-0-0 Qh4 19. Rdg1 Rf7 20. h3 Nd7 21. Be1 Qh6 22. Rg5 g6 23. h4 Kh8 24. Bg3 a6 25. Qe1 b5 26. c5 a5 27. Bf4 Qf8 28. h5 gxh5 29. Bxh5 Re7 30. Qh4 Ree8 31. Bxe8 Qxe8 32. Rg7 Nf6 33. Qxf6 1-0

[Event "London e2e4 Diamond Jubilee op-B"]
[Site "London"]
[Date "2012.05.06"]
[Round "7"]
[White "Sanitt, Ethan"]
[Black "Ross, Stuart"]
[Result "1-0"]
[WhiteElo "1382"]
[BlackElo "1638"]
[PlyCount "101"]
[EventDate "2012.06.02"]
[EventType "swiss"]
[EventRounds "7"]
[EventCountry "ENG"]
[SourceTitle "EXT 2014"]
[Source "ChessBase"]
[SourceDate "2013.11.20"]
[SourceVersion "1"]
[SourceVersionDate "2013.11.20"]
[SourceQuality "1"]

1. e4 c5 2. Nf3 e6 3. d4 cxd4 4. Qxd4 Nc6 5. Qe3 d6 6. Bb5 a6 7. Bxc6+ bxc6 8. 0-0 Nf6 9. b3 Be7 10. Bb2 0-0 11. Rd1 Qc7 12. Nc3 Rd8 13. Ne2 Bb7 14. Ng3 c5 15. Qg5 Ne8 16. Qg4 Bf6 17. Bxf6 Nxf6 18. Qf4 Qc6 19. e5 dxe5 20. Qxe5 Rd5 21. Rxd5 exd5 22. Nf5 Qe8 23. Qc7 Qd7 24. Qxd7 Nxd7 25. Re1 Nf6 26. Re7 Bc8 27. Nd6 Be6 28. Ng5 Rd8 29. Ndxf7 Bxf7 30. Nxf7 Re8 31. Rxe8+ Nxe8 32. Ne5 Nd6 33. Kf1 Kh8 34. Ke2 g6 35. Kd3 Ne4 36. f3 Nf6 37. Nc6 Nd7 38. b4 c4+ 39. Kd4 Nb6 40. Ne7 Kg7 41. Nxd5 Nxd5 42. Kxd5 c3 43. Kd4 Kf6 44. Kxc3 Ke6 45. Kd4 Kd6 46. g4 g5 47. h3 Kc6 48. c4 h6 49. b5+ axb5 50. cxb5+ Kxb5 51. Ke5 1-0